Marketing a complete guide
Bewaard in:
| Hoofdauteur: | |
|---|---|
| Formaat: | Boek |
| Taal: | Undetermined |
| Gepubliceerd in: |
New York
Palgrave MacMillan
2003
|
| Onderwerpen: | |
| Tags: |
Voeg label toe
Geen labels, Wees de eerste die dit record labelt!
|
| Thư viện lưu trữ: | Trung tâm Học liệu Trường Đại học Cần Thơ |
|---|
| LEADER | 00513nam a2200193Ia 4500 | ||
|---|---|---|---|
| 001 | CTU_96162 | ||
| 008 | 210402s9999 xx 000 0 und d | ||
| 020 | |c 1604000 | ||
| 082 | |a 658.8 | ||
| 082 | |b M135 | ||
| 100 | |a McDonald, Malcolm | ||
| 245 | 0 | |a Marketing a complete guide | |
| 245 | 0 | |c Malcolm McDonald, Martin Christopher | |
| 260 | |a New York | ||
| 260 | |b Palgrave MacMillan | ||
| 260 | |c 2003 | ||
| 650 | |a Marketing | ||
| 904 | |i Hiếu | ||
| 980 | |a Trung tâm Học liệu Trường Đại học Cần Thơ | ||